| 000 | 00829cam a2200253 a 4500 | ||
|---|---|---|---|
| 008 | |||
| 020 | _a0195506472 (pbk.) | ||
| 049 | _aMAIN | ||
| 090 |
_aRC271.P33 _bWOO |
||
| 100 | 1 | _aWoodruff, Roger. | |
| 245 | 1 | 0 |
_aPalliative medicine : _bsymptomatic and supportive care for patients with advanced cancer and AIDS / _cRoger Woodruff. |
| 250 | _a3rd ed. | ||
| 260 |
_aOxford : _bOxford University Press, _cc1999. |
||
| 300 |
_aviii, 421 p. : _bill. ; _c23 cm. |
||
| 500 | _aIncludes index. | ||
| 504 | _aIncludes bibliographical references. | ||
| 650 | 0 |
_aCancer _xPalliative treatment. |
|
| 650 | 0 |
_aAIDS (Disease) _xPalliative treatment. |
|
| 907 |
_a.b10360281 _b03-09-15 _c01-09-15 |
||
| 003 | |||
| 005 | 20230123122147.0 | ||
| 040 | _cNUST | ||
| 942 |
_cBOOKS _kRC271.P33 _mWOO |
||
| 999 |
_c128836 _d128836 |
||